Aplicações da topologia à análise /

Guardado en:
Autor Principal: Hönig, Chaim Samuel.
Formato: Libro
Idioma:Portuguese
Publicado: [Recife?] : Instituto de Física e Matemática, Universidade do Recife, 1961.
Series:Textos de matemática ; No. 8
Etiquetas: Agregar Etiqueta
Sin Etiquetas, Sea el primero en etiquetar este registro!
LEADER 00544nam a22001575a 4500
001 MAT.inmabb001019
008 031119s1961####bl############000#0#por#d
005 20170808164607.0
245 1 0 |a Aplicações da topologia à análise /  |c por Chaim S. Hönig. 
260 |a [Recife?] :  |b Instituto de Física e Matemática, Universidade do Recife,  |c 1961. 
300 |a vi, 129 p. ;  |c 24 cm. 
440 0 |a Textos de matemática ;  |v No. 8 
510 4 |a MR,  |c 24 #A3621 
100 1 |a Hönig, Chaim Samuel. 
084 |a 54-XX  |2 msc2000 
859 |h 54  |i H773  |p A-898  |b BIB. MATEMATICA